000 00558nam a22002057a 4500
005 20251223104707.0
008 251223b |||||||| |||| 00| 0 eng d
020 _a9789363865259
_cRs. 1595.00
040 _aMAIN
082 _a519.5
_bD221B(11)
100 _aDaniel, Wayne W
245 _aBiostatistics: Basic concepts and methodology for the health sciences
250 _a11th
260 _aNew Delhi
_bWiley India
_c2025
300 _axxiii, 695
650 _aBiostatistics
650 _aHealth Sciences
700 _aCross, Chad L
942 _cBK
999 _c395882
_d395882